000 00252 a2200145 4500
001 170350
020 _a
040 _cMagnum
240 1 0 _aDarwin
_lpor
245 1 0 _aDarwin
300 _a71
362 0 _a2007
697 _aBIOLOGIA
942 _cBK
999 _c170350
_d170350